| 000 | 01277nam a2200325 i 4500 | ||
|---|---|---|---|
| 003 | EG-GICUC | ||
| 005 | 20260408105142.0 | ||
| 008 | 260408s2003 ua ad||fr|||| 00| 0 ara d | ||
| 017 | _a2003/2181 | ||
| 040 |
_a EG-GICUC _bara _c EG-GICUC _d EG-GICUC _erda |
||
| 082 | 0 | 4 |
_221 _a341.48 _bدر |
| 092 | 0 | 4 | _221 |
| 099 | _aLaw1 11 341.48 در 2003 | ||
| 245 | 1 | 0 |
_aدراسة عن النظام القانوني المصرى ومبادئ حقوق الإنسان / _b _cسناء سيد خليل. |
| 264 | 1 |
_aالقاهرة : _bبرنامج الأمم المتحدة الإنمائي UNDP، _c2003. |
|
| 300 |
_a192 صفحة : _bإيضاحيات _c24 سم |
||
| 336 |
_2rda content _atext |
||
| 337 |
_2rda media _aComputer |
||
| 338 |
_2rda carrier _aOnline Resource |
||
| 504 | _a يشتمل على إرجاعات ببليوجرافية. | ||
| 546 | _aالنص باللغة العربية | ||
| 590 | _aإهداء مكتبة الأستاذ الدكتور صلاح عامر | ||
| 650 | 1 | 4 |
_aالقانون الدولى العام _2 |
| 651 | 1 | _2 | |
| 700 |
_aسناء سيد خليل _eمحرر. |
||
| 710 | 1 |
_aمصر _bوزارة الخارجية |
|
| 856 | 4 | 0 | _uhttps://fll.law.cu.edu.eg/fulltext/bks/B11-09838.pdf |
| 905 | _a48 | ||
| 942 |
_2ddc _cBK _e21 _n0 |
||
| 999 |
_c69593 _d69593 |
||